A szkizofrenia az evolúciós pszichopatológia tükrében [Schizophrenia and evolutionary psychopathology]

Evolution can shape any characteristic appearing as a phenotype that is genetically rooted and possesses a long history. The stress-diathesis model suggests that psychiatric disorders have some genetic roots, and therefore the theory of evolution may be relevant for psychiatry. Schizophrenia is pres...

Teljes leírás

Elmentve itt :
Bibliográfiai részletek
Szerzők: Kelemen Oguz
Kéri Szabolcs
Dokumentumtípus: Cikk
Megjelent: 2007
Sorozat:PSYCHIATRIA HUNGARICA 22 No. 5
Tárgyszavak:
mtmt:1840725
Online Access:http://publicatio.bibl.u-szeged.hu/37834
LEADER 02202nab a2200217 i 4500
001 publ37834
005 20251020154304.0
008 251020s2007 hu o 000 hun d
022 |a 0237-7896 
024 7 |a 1840725  |2 mtmt 
040 |a SZTE Publicatio Repozitórium  |b hun 
041 |a hun 
100 1 |a Kelemen Oguz 
245 1 2 |a A szkizofrenia az evolúciós pszichopatológia tükrében [Schizophrenia and evolutionary psychopathology]  |h [elektronikus dokumentum] /  |c  Kelemen Oguz 
260 |c 2007 
300 |a 333-343 
490 0 |a PSYCHIATRIA HUNGARICA  |v 22 No. 5 
520 3 |a Evolution can shape any characteristic appearing as a phenotype that is genetically rooted and possesses a long history. The stress-diathesis model suggests that psychiatric disorders have some genetic roots, and therefore the theory of evolution may be relevant for psychiatry. Schizophrenia is present in every human culture with approximately the same incidence. The great evolutionary paradox is: how can such illness persist despite fundamental reproductive disadvantages? Since the 1960s, several evolutionary explanations have been raised to explain the origins of schizophrenia. This article reviews all the major evolutionary theories about the possible origins of this disease. On the one hand, some researchers have proposed that schizophrenia is an evolutionary disadvantageous byproduct of human brain evolution (e.g. the evolution of hemispheric specialization, social brain or language skills). On the other hand, others have suggested that a compensatory advantage must exist either in the biological system of patients with schizophrenia (e.g. resistance against infectious diseases), or within the social domain (e.g. greater creativity of the relatives). According to some theories, shamanism and religion demonstrate some similarities to psychosis and provide clues regarding the origins of schizophrenia. At the end of this article we discuss this last theory in detail listing arguments for and against. 
650 4 |a Klinikai orvostan 
700 0 1 |a Kéri Szabolcs  |e aut 
856 4 0 |u http://publicatio.bibl.u-szeged.hu/37834/1/184072570.SZKIZOFRENIAAZEVOLUCIOSPSZICHOPATOLOGIATUKREBEN.pdf  |z Dokumentum-elérés